Hacia una escuela menos agresiva. Informe final.

El documento contiene el informe final del proyecto de investigación Hacia una escuela menos agresiva, el cual buscó identificar, con la comunidad, las estrategias utilizadas para superar la agresividad de los estudiantes, a partir de actividades de aula, realización de talleres, reuniones generales...

Fuld beskrivelse

Saved in:
Bibliografiske detaljer
Hovedforfatter: Méndez de Ondo, Martha
Corporate Authors: CED Moralba Sur Oriental, Instituto para la Investigación Educativa y Desarrollo Pedagógico, IDEP
Andre forfattere: Castro de Correa, Clara, Ávila Acosta, Jorge Enrique
Format: Bog
Sprog:Spanish
Udgivet: Bogotá: IDEP, 2001.
Fag:
Online adgang:Enlace del recurso
Tags: Tilføj Tag
Ingen Tags, Vær først til at tagge denne postø!

MARC

LEADER 00000nam a2200000 a 4500
001 000401
003 OSt
005 20251026064424.0
007 ta
008 080222s2001 ck fr o000 | spa
999 |c 2554  |d 2554 
040 |a CNA-IDEP  |b SPA  |e RCAA 
041 0 |a spa 
084 |a INV53 
100 1 |a Méndez de Ondo, Martha  |9 17583 
245 1 0 |a Hacia una escuela menos agresiva. Informe final.   |c Por Martha Méndez de Ondo, Jorge Enrique Ávila Acosta & Clara Castro de Correa. 
260 |a Bogotá:  |b IDEP,  |c 2001. 
300 |a 81 páginas. 
504 |a Bibliografía: Páginas 81 - 82. 
505 2 |t Introducción.  |t Agradecimientos.  |t Resumen de la propuesta inicial.  |t Conceptualización del problema de investigación.  |t Consolidación del marco teórico.  |t Objetivos.  |t Metodología utilizada.  |t Conclusiones.  |t Bibliografía. 
520 3 |a El documento contiene el informe final del proyecto de investigación Hacia una escuela menos agresiva, el cual buscó identificar, con la comunidad, las estrategias utilizadas para superar la agresividad de los estudiantes, a partir de actividades de aula, realización de talleres, reuniones generales, con el fin de hacer de la institución, una escuela menos agresiva. 
650 1 7 |a Acoso moral en la escuela  |2 BNE  |9 17469 
650 1 7 |a Enseñanza pública  |2 BNE  |9 9979 
650 1 7 |a Observación en educación  |2 BNE  |9 17443 
650 1 7 |a Violencia en la escuela  |2 BNE  |9 17419 
650 1 4 |a Investigación  |9 17585 
700 1 |a Castro de Correa, Clara  |9 17586 
700 1 |a Ávila Acosta, Jorge Enrique  |9 17587 
710 2 |a CED Moralba Sur Oriental  |9 17588 
710 2 |a Instituto para la Investigación Educativa y Desarrollo Pedagógico, IDEP  |9 17 
942 |2 LOC  |c MO  |h INV53  |i Ej. 1  |6 INV_53_000000000000000_EJ__1 
856 |u https://catalogo.idep.edu.co/cgi-bin/koha/opac-detail.pl?biblionumber=2554  |z Enlace del recurso